| 000 | 00925nam a2200253 i 4500 | ||
|---|---|---|---|
| 005 | 20200104041546.0 | ||
| 008 | 140313b1996 sz ||||| |||| 00| 0 eng d | ||
| 040 |
_aCO-BoIAVH _cCO-BoIAVH |
||
| 041 | _aeng | ||
| 044 | _asz | ||
| 082 | 0 | 4 |
_a338.4791 _bC38t |
| 100 | 1 | _aCeballos Lascuráin, Héctor | |
| 245 | 1 | 0 |
_aTourism, ecotouris, and protected areas : _bthe state of nature-based tourism around the world and guidelines for its development / _cHéctor Ceballos-Lascuráin. |
| 260 |
_aGland _bIUCN _c1996 |
||
| 300 | _a301 p. | ||
| 650 | 1 | 4 | _aTurismo ecológico |
| 650 | 2 | 4 | _aConservación de los recursos naturales |
| 650 | 2 | 4 |
_aFlora _xConservación |
| 650 | 2 | 4 |
_aFauna _xConservación |
| 650 | _aÁreas protegidas. | ||
| 711 | 2 |
_dFebruary 10-21, 1992 _aWorld Congress on National Parks and Protected Areas _cCaracas |
|
| 942 |
_cLIBRO _2ddc |
||
| 945 | _d2004-08-09 | ||
| 999 |
_c4000 _d4000 |
||